000 00422nam a2200157Ia 4500
008 160316s2011 xxu||||| |||| 00| 0 eng d
082 _a364.360000
_bDWI
100 _aDwivedi Manish
245 _aJuvenile justice system in India
250 _a
260 _aNew Delhi
_bAdhyan Publishers
_c2011
300 _a445p
_b
_cv
365 _bRs. 1,250
650 _a1. Juvenile Justice - Administration - India
700 _a
_a
999 _c31190
_d31190